Skusenosti zo zavedenia elektrometalizacie

Uložené v:
Podrobná bibliografia
Hlavný autor: DEMIDOV, I.I (Author)
Médium: Kniha
Jazyk:Slovak
Vydané: 1955
Tagy: Pridať tag
Žiadne tagy, Buďte prvý kto otaguje tento záznam!

MARC

LEADER 00000nam a2200000 a 4500
001 000155607
005 00000000000000.0
008 040101s1955 e sloo
041 0 |a slo 
100 1 |a DEMIDOV, I.I.  |4 aut 
245 1 0 |a Skusenosti zo zavedenia elektrometalizacie 
260 |c 1955 
500 |a Záznam neprešiel kontrolou 
910 |a svkkk 
998 |a BK 
090 |g SCKHL  |k Sklad Pribinova 3. posch.  |a V0.3452  |j 019667  |i 2720882672  |s Prezenčne